| 000 | 00600cam a2200229 4500 | ||
|---|---|---|---|
| 008 | 090401t1999 xxu||||| |||| 00| 0 eng d | ||
| 020 | _a1860812740 | ||
| 035 | _a(Sirsi) u93521 | ||
| 041 | _aeng | ||
| 050 | _a690 | ||
| 110 | _aBuilding Research Establishment | ||
| 245 | _aImproving sound insulation | ||
| 260 |
_bBuilding Research Establishment _c1999 |
||
| 300 | _a4p. ; 30cm. | ||
| 350 | _a0 | ||
| 490 |
_aBRE Good Repair Guide _v22 part 2 |
||
| 650 | _aNOISE | ||
| 650 | _aSOUND INSULATION | ||
| 690 | _aBUILT ENVIRONMENT-CONSTRUCTION DESIGN | ||
| 942 | _n0 | ||
| 948 | _c21/05/1999 | ||
| 999 |
_c97839 _d97839 |
||